000 01294cam a2200313 a 4500
001 13007123
003 ARRUPE
005 20211013121848.0
008 021120s2004 nyu 000 0 eng
010 _a 2002193003
020 _a0195154630 (alk. paper)
020 _a0195154649 (pbk. : alk. paper)
040 _aDLC
_cDLC
_dDLC
050 0 0 _aBS2330.2
_b.E355 2004
082 0 0 _a270.1
_221
100 1 _aEhrman, Bart D.
_98082
245 1 4 _aThe New Testament and other early Christian writings :
_ba reader /
_cBart D. Ehrman.
250 _a2nd ed.
260 _aNew York :
_bOxford University Press,
_c2004.
300 _aix, 419 p. ;
_c25 cm.
630 0 0 _aBible.
_pNew Testament
_vIntroductions.
_97187
650 0 _aChristian literature, Early
_xHistory and criticism.
_98084
650 0 _aChurch history
_yPrimitive and early church, ca. 30-600.
856 4 2 _3Publisher description
_uhttp://www.loc.gov/catdir/enhancements/fy0613/2002193003-d.html
856 4 1 _3Table of contents only
_uhttp://www.loc.gov/catdir/enhancements/fy0613/2002193003-t.html
906 _a7
_bcbc
_corignew
_d1
_eocip
_f20
_gy-gencatlg
942 _2lcc
_cMONOGRAPH
999 _c130796
_d130796